00305nam a2200133Ia 45000030006000000080041000060400015000471000015000622450018000772600043000953000006001385460010001440050017001540STCL150530s9999 xx 000 0 und d aSTCLcSTCL aGovind Das aShapp Aur Var bBharathiya Vishvprakasan ; Delhic1957 a0 aHindi20220125171222.0